Normal view
MARC view
- البنوك-الاستثمارات-التمويل الاسلامي-الادارة المالية-التنمية الاقتصادية
Entry Topical Term
001 - CONTROL NUMBER
- control field: 63204
003 - CONTROL NUMBER IDENTIFIER
- control field: JO-AjAnu
005 - DATE AND TIME OF LATEST TRANSACTION
- control field: 20230606084322.0
008 - FIXED-LENGTH DATA ELEMENTS
- fixed length control field: 230606|| aca||aabn | a|a d
040 ## - CATALOGING SOURCE
- Original cataloging agency: JO-AjAnu
- Transcribing agency: JO-AjAnu
150 ## - HEADING--TOPICAL TERM
- Topical term or geographic name entry element: البنوك-الاستثمارات-التمويل الاسلامي-الادارة المالية-التنمية الاقتصادية
670 ## - SOURCE DATA FOUND
- Source citation: Work cat.: (JO-AjAnu)32224: جامعة عجلون الوطنية/كلية ادارة الاعمال, author 63203, المؤتمر العلمي الدولي المحكم الخامس، الريادة والاستثمار ( التحديات - الأساليب - الحلول) جامعة عجلون الوطنية / كلية ادارة الاعمال، ج2